000
00420nam a2200145Ia 4500
008
090124s9999 xx 000 0 und d
082
_b
304489
245
_a
दोस्त माझा मस्त
250
_a
1
260
_b
तरवडे विजय
_c
2002
300
_a
144
630
_a
दोस्त माझा मस्त
730
_a
दोस्त माझा मस्त
942
_c
BOOK
999
_c
194418
_d
194418